000
00223 a2200097 4500
001
13397
100
_a
Sen, S.Y
245
_a
The international development of china
260
_a
London
_b
Hutchinson
_c
090
_c
10410
_d
10410
942
_a
NUST-CAE
_c
M
_c
460
999
_c
248470
_d
248470